000 00375nam a2200145Ia 4500
008 210716s2003 xx 000 0 und d
020 _a8120320557
041 _aeng
082 _a004.03 MICR
245 _aMicrosoft computer dictionary.
250 _a5
260 _aNew Delhi
_bPrentice Hall of India PVt Ltd
_c2003
300 _aix,636
650 _aComputer Fundamentals
999 _c186064
_d186064